Music Quiz

Random Music Quiz

Leave Out All The Rest Lyrics Quiz Stats

Quiz not verified by Sporcle

Challenge
Share
Tweet
Embed
Score 0/279 Timer 10:00
0 Plays Today
% Correct
you
97.7%
you
97.7%
you
97.7%
you
97.7%
you
97.7%
you
97.7%
you
97.7%
you
97.7%
you
97.7%
so
95.3%
so
95.3%
so
95.3%
so
95.3%
so
95.3%
my
93%
my
93%
the
93%
be
93%
and
93%
and
93%
the
93%
the
93%
be
93%
my
93%
the
93%
the
93%
my
93%
the
93%
be
93%
and
93%
and
93%
the
93%
the
93%
the
93%
and
93%
be
93%
be
93%
my
93%
the
93%
be
93%
and
93%
the
93%
the
93%
the
93%
and
93%
be
93%
be
93%
no
92.4%
no
92.4%
when
92.4%
when
92.4%
when
92.4%
when
92.4%
when
92.4%
when
92.4%
when
92.4%
was
91.8%
me
91.8%
to
91.8%
me
91.8%
leave
91.8%
to
91.8%
me
91.8%
me
91.8%
leave
91.8%
leave
91.8%
me
91.8%
to
91.8%
me
91.8%
leave
91.8%
to
91.8%
me
91.8%
me
91.8%
leave
91.8%
leave
91.8%
to
91.8%
me
91.8%
leave
91.8%
to
91.8%
me
91.8%
me
91.8%
leave
91.8%
leave
91.8%
to
91.8%
me
91.8%
me
91.8%
your
91.2%
your
91.2%
your
91.2%
i've
90.6%
all
90.6%
all
90.6%
i've
90.6%
% Correct
i've
90.6%
i've
90.6%
on
90.6%
all
90.6%
i've
90.6%
i've
90.6%
all
90.6%
all
90.6%
all
90.6%
i've
90.6%
all
90.6%
all
90.6%
all
90.6%
were
90.1%
done
90.1%
time
90.1%
done
90.1%
time
90.1%
done
90.1%
time
90.1%
done
90.1%
but
89.5%
one
89.5%
one
89.5%
that
89.5%
but
89.5%
that
89.5%
come
89.5%
that
89.5%
come
89.5%
you're
88.9%
you're
88.9%
in
88.9%
you're
88.9%
you're
88.9%
in
88.9%
you're
88.9%
in
88.9%
else
88.3%
don't
88.3%
don't
88.3%
don't
88.3%
else
88.3%
don't
88.3%
else
88.3%
forget
87.7%
out
87.7%
out
87.7%
forget
87.7%
out
87.7%
out
87.7%
forget
87.7%
out
87.7%
out
87.7%
scared
87.1%
some
87.1%
some
87.1%
some
87.1%
comes
86.5%
rest
86.5%
rest
86.5%
comes
86.5%
rest
86.5%
rest
86.5%
comes
86.5%
rest
86.5%
rest
86.5%
dreamed
86%
listen
86%
know
86%
know
86%
missing
85.4%
Cause
85.4%
i'm
85.4%
want
85.4%
feeling
85.4%
empty
85.4%
i'm
85.4%
want
85.4%
feeling
85.4%
empty
85.4%
feeling
85.4%
empty
85.4%
what
84.8%
if
84.8%
keep
84.8%
what
84.8%
if
84.8%
keep
84.8%
keep
84.8%
cared
84.2%
with
83.6%
am
83.6%
% Correct
asking
83.6%
behind
83.6%
memory
83.6%
asking
83.6%
behind
83.6%
memory
83.6%
behind
83.6%
memory
83.6%
would
83%
dreaming
82.5%
reasons
82.5%
reasons
82.5%
reasons
82.5%
this
81.9%
after
81.3%
wrong
81.3%
help
81.3%
missed
81.3%
wrong
81.3%
help
81.3%
missed
81.3%
wrong
81.3%
help
81.3%
missed
81.3%
fear
80.7%
here
80.7%
resent
80.7%
resent
80.7%
resent
80.7%
I
80.1%
i
80.1%
i
80.1%
woke
80.1%
i
80.1%
i
80.1%
i
80.1%
i
80.1%
i
80.1%
i
80.1%
i
80.1%
afraid
78.4%
been
76.6%
perfect
75.4%
way
74.3%
surface
73.7%
not
73.7%
have
73.7%
can
73.7%
can
73.7%
are
73.7%
through
73.1%
are
73.1%
are
73.1%
are
73.1%
never
72.5%
strong
71.9%
from
71.9%
from
71.9%
well
71.3%
well
71.3%
myself
71.3%
myself
71.3%
can't
70.8%
who
70.8%
can't
70.8%
who
70.8%
can't
70.8%
who
70.8%
who
70.8%
save
70.2%
save
70.2%
can't
69.6%
beating
67.8%
hurt
65.5%
someone
65.5%
hurt
65.5%
someone
65.5%
taken
64.9%
pretending
63.7%
pretending
63.2%
hide
61.4%
hide
61.4%
inside
60.2%
inside
60.2%
learned
56.7%
learned
55%
made
46.2%
shared
45%
forgeting
39.2%
forgeting
39.2%
you've
39.2%
leaveing
24.6%
neather
18.1%

You're not logged in!

Compare scores with friends on all Sporcle quizzes.
Join for Free
OR
Log In

You Might Also Like...

Show Comments

Extras

Created Dec 6, 2011ReportNominate
Tags:leave, rest

Top Quizzes Today


Score Distribution

Your Account Isn't Verified!

In order to create a playlist on Sporcle, you need to verify the email address you used during registration. Go to your Sporcle Settings to finish the process.

Report this User

Report this user for behavior that violates our Community Guidelines.

Details: